000 01234nam a22003497a 4500
003 CHAP
005 20220329143416.0
008 090512s2002 mx r 00010 spa d
010 _a96156
011 _a97128
020 _a9706861947
035 _a107790
040 _cCHAP
082 0 4 _a519.5
_bW11 2002
100 0 0 _aWackerly, Dennis D.
_9120745
245 1 0 _aEstadística matemática con aplicaciones
_c/por Dennis D. Wackerly, William Mendenhall y Richard L. Scheaffer
250 _a6 ed.
260 _aMéxico, D.F. :
_bThomson,
_c2002
300 _a853 p. :
_bgráfs., tablas
590 _aBATCH-UPD
_b10
_c20130110
_lUCH01
_h0200
590 _aBATCH-UPD
_b10
_c20130110
_lUCH01
_h1626
590 _aBATCH-UPD
_b10
_c20130410
_lUCH01
_h1020
590 _aBATCH-UPD
_b10
_c20130914
_lUCH01
_h1326
590 _aCONVERSION
_b10
_c20130109
_lUCH01
_h1353
650 1 4 _aEstadística matemática.
_938261
700 0 _aMendenhall, William.
_974569
700 0 _aScheaffer, Richard L.
_9102924
901 _aBK
942 _cLIBRO
949 _a519.5 W11 2002
_bBC
_cLIBRO
_d33724002089975
_eLIBRO
_fc.2
_gI.c/e
_h110424
_i107790
_si
_t$295.00
949 _a519.5 W11 2002
_bBC
_cLIBRO
_d33724002090017
_eLIBRO
_gI.c/e
_h110425
_i107790
_si
_t$295.00
999 _c96156
_d96156